| 000 | 01055 a2200241 4500 | ||
|---|---|---|---|
| 001 | 49788 | ||
| 005 | 20260407155759.0 | ||
| 008 | 260407a1993 arg spa d | ||
| 003 | AR-UNSa-BCEJYS | ||
| 040 |
_aAR-UNSa-BCEJYS _bspa _cAR-UNSa-BCEJYS |
||
| 080 |
_a574 _xEcología general y biodiversidad. Biocenología. Hidrobiología. Biogeografía |
||
| 245 | 1 | 0 | _aEcología y formación ambiental |
| 020 | _a970-10-0230-X | ||
| 264 | 1 |
_aMéxico : _bMcGraw-Hill _c1993 |
|
| 300 |
_axii, 303 p. _c23 cm. |
||
| 505 | _a1. Generalidades acerca de la ecología. Definición del término ecología - 2. La energía en los ecosistemas - 3. Los ciclos ecológicos - 4. Ecología de poblaciones - 5. Ecosistemas - 6. Recursos naturales - 7. Educación y formación ambiental. | ||
| 041 | _aspa | ||
| 942 | _cBK | ||
| 590 | _aniveau_biblio:m niveau_hierar:0 | ||
| 100 | 1 | _aVásquez Torre, Guadalupe Ana María | |
| 700 | 1 | _aValderrama, Margarita Cruz | |
| 856 | 4 | 1 |
_uhttps://www.biblioeco.unsa.edu.ar/pmb/images/libros/L128181.jpg _yImagen de portada _qimage/jpeg |
| 999 |
_c4883 _d4883 |
||